<?xml version='1.0' encoding='UTF-8'?>
  <record xmlns="http://www.loc.gov/MARC21/slim">
    <leader>00000cam a2200000 i 4500</leader>
    <controlfield tag="001">ocn150123047</controlfield>
    <controlfield tag="003">OCoLC</controlfield>
    <controlfield tag="005">20250506005453.8</controlfield>
    <controlfield tag="008">070324s1480    sz            000 0 lat d</controlfield>
    <datafield tag="040" ind1=" " ind2=" ">
      <subfield code="a">NLGGC</subfield>
      <subfield code="b">eng</subfield>
      <subfield code="e">rda</subfield>
      <subfield code="e">dcrmr</subfield>
      <subfield code="c">NLGGC</subfield>
      <subfield code="d">OCLCQ</subfield>
      <subfield code="d">DEBBG</subfield>
      <subfield code="d">OCLCQ</subfield>
      <subfield code="d">OCLCO</subfield>
      <subfield code="d">OCLCL</subfield>
      <subfield code="d">QGJ</subfield>
      <subfield code="d">OCLCO</subfield>
      <subfield code="d">OCLCQ</subfield>
    </datafield>
    <datafield tag="024" ind1="7" ind2=" ">
      <subfield code="a">urn:nbn:de:bvb:12-bsb11302889-4</subfield>
      <subfield code="2">urn</subfield>
    </datafield>
    <datafield tag="024" ind1="8" ind2=" ">
      <subfield code="a">BSB-Ink I-528</subfield>
    </datafield>
    <datafield tag="024" ind1="8" ind2=" ">
      <subfield code="a">GW M14860</subfield>
    </datafield>
    <datafield tag="029" ind1="0" ind2=" ">
      <subfield code="a">NLGGC</subfield>
      <subfield code="b">301222967</subfield>
    </datafield>
    <datafield tag="029" ind1="1" ind2=" ">
      <subfield code="a">GEBAY</subfield>
      <subfield code="b">11531362</subfield>
    </datafield>
    <datafield tag="035" ind1=" " ind2=" ">
      <subfield code="a">(OCoLC)150123047</subfield>
    </datafield>
    <datafield tag="100" ind1="0" ind2=" ">
      <subfield code="a">Johannes,</subfield>
      <subfield code="c">de Turnhout,</subfield>
      <subfield code="d">approximately 1446-1492.</subfield>
      <subfield code="1">https://id.oclc.org/worldcat/entity/E39PBJrgFVfXPyw7jjpgg8Kcfq</subfield>
    </datafield>
    <datafield tag="240" ind1="1" ind2="0">
      <subfield code="a">Casus breves super totum corpus legum</subfield>
    </datafield>
    <datafield tag="245" ind1="1" ind2="0">
      <subfield code="a">Casus breues super totum corpus iuris ciuilis /</subfield>
      <subfield code="c">per Egregium virum magistrum Joha[n]nem Turnout alme vniuersitatis louanien[sis] in vtroq[ue] licenciatu[m] notanter et optime correcti et emendati necnon eorum defectus suppleti</subfield>
    </datafield>
    <datafield tag="246" ind1="3" ind2=" ">
      <subfield code="a">Casus breves super totum Corpus juris civilis</subfield>
    </datafield>
    <datafield tag="246" ind1="1" ind2=" ">
      <subfield code="i">Title in explicit:</subfield>
      <subfield code="a">Casus breues super toto corpore iurium ciuilium</subfield>
    </datafield>
    <datafield tag="246" ind1="1" ind2=" ">
      <subfield code="i">Title according ISTC:</subfield>
      <subfield code="a">Casus breves super totum corpus legum vel iuris civilis, ex lecturis Bartoli de Saxoferrato, Baldi de Ubaldis et Jacobi de Bellovisu (Digesta)</subfield>
    </datafield>
    <datafield tag="264" ind1=" " ind2="1">
      <subfield code="a">[Basel] :</subfield>
      <subfield code="b">[Michael Wenssler],</subfield>
      <subfield code="c">[approximately 1480]</subfield>
    </datafield>
    <datafield tag="300" ind1=" " ind2=" ">
      <subfield code="a">[280] leaves ;</subfield>
      <subfield code="c">30 cm (folio)</subfield>
    </datafield>
    <datafield tag="336" ind1=" " ind2=" ">
      <subfield code="a">text</subfield>
      <subfield code="b">txt</subfield>
      <subfield code="2">rdacontent</subfield>
    </datafield>
    <datafield tag="337" ind1=" " ind2=" ">
      <subfield code="a">unmediated</subfield>
      <subfield code="b">n</subfield>
      <subfield code="2">rdamedia</subfield>
    </datafield>
    <datafield tag="338" ind1=" " ind2=" ">
      <subfield code="a">volume</subfield>
      <subfield code="b">nc</subfield>
      <subfield code="2">rdacarrier</subfield>
    </datafield>
    <datafield tag="340" ind1=" " ind2=" ">
      <subfield code="m">folio</subfield>
      <subfield code="2">rdabf</subfield>
    </datafield>
    <datafield tag="500" ind1=" " ind2=" ">
      <subfield code="a">Publication statement from ISTC.</subfield>
    </datafield>
    <datafield tag="500" ind1=" " ind2=" ">
      <subfield code="a">Title derived from incipit, which reads: Jncipiunt Casus breues super totum corpus iuris ciuilis per Egregium virum magistrum Joha[n]nem Turnout alme vniuersitatis louanien[sis] in vtroq[ue] licenciatu[m] notanter et optime correcti et emendati necnon eorum defectus suppleti Et primo casus primi libri ff. veteris.</subfield>
    </datafield>
    <datafield tag="500" ind1=" " ind2=" ">
      <subfield code="a">Explicit: Expliciunt Casus breues super toto corpore iurium ciuilium.</subfield>
    </datafield>
    <datafield tag="500" ind1=" " ind2=" ">
      <subfield code="a">Author also known as Johannes Noyens or Johannes Noyens de Turnhout.</subfield>
    </datafield>
    <datafield tag="500" ind1=" " ind2=" ">
      <subfield code="a">Printing by Proctor assigned to Albrecht Kunne in Memmingen.</subfield>
    </datafield>
    <datafield tag="500" ind1=" " ind2=" ">
      <subfield code="a">Signatures: A-G⁸ H⁶ a⁸ b⁶ c-l⁸ m⁶ n-s⁸ t⁶ u⁸ v⁸ x¹⁰ aa-bb⁸ cc¹⁰ dd⁶ ee⁸ ff⁶. t6, and x10 are blank.</subfield>
    </datafield>
    <datafield tag="505" ind1="0" ind2=" ">
      <subfield code="a">Leaf A1r. Casus breues super totum Corpus iuris ciuilis per egregium virum magistrum Ioha[n]nem Turnout alme vniuersitatis Louanien[sis], in vtro[que] licenciatu[m] notanter et optime correcti et emendati necnom eorum defectus suppleti. Et primo casus primi libri ff. veteris -- Leaf a1r. Incipiunt casus breues ff. Inforciati -- Leaf i1r. Sequuntur casus ff. noui: rubrica de noui operis nunciatione -- Leaf n1r. Incipiunt casus breue primi libri Codicis -- Leaf u1r. Incipiunt casus breues voluminis legum et primo libri primi Instiutionum -- Leaf aa1r. Incipiunt casus breues libri Collationum -- Leaf bb7r. Incipiunt casus breues libri primi feudorum -- Leaf ddr. Incipiunt casus breues libri decimi Codicis.</subfield>
    </datafield>
    <datafield tag="510" ind1="4" ind2=" ">
      <subfield code="a">Incunabula short title catalogue,</subfield>
      <subfield code="c">it00506000</subfield>
      <subfield code="u">https://data.cerl.org/istc/it00506000</subfield>
    </datafield>
    <datafield tag="510" ind1="4" ind2=" ">
      <subfield code="a">Gesamtkatalog der Wiegendrucke,</subfield>
      <subfield code="c">M14860</subfield>
      <subfield code="u">https://www.gesamtkatalogderwiegendrucke.de/docs/M14860.htm</subfield>
    </datafield>
    <datafield tag="510" ind1="4" ind2=" ">
      <subfield code="a">Incunabula in Dutch libraries,</subfield>
      <subfield code="c">4499</subfield>
    </datafield>
    <datafield tag="600" ind1="0" ind2="0">
      <subfield code="a">Bartolo,</subfield>
      <subfield code="c">of Sassoferrato,</subfield>
      <subfield code="d">1313-1357.</subfield>
      <subfield code="t">Lectura super Digesto veteri.</subfield>
    </datafield>
    <datafield tag="600" ind1="1" ind2="0">
      <subfield code="a">Ubaldi, Baldo degli,</subfield>
      <subfield code="d">1327-1400.</subfield>
      <subfield code="t">Super usibus feudorum</subfield>
      <subfield code="x">Interpretation and construction.</subfield>
    </datafield>
    <datafield tag="600" ind1="1" ind2="0">
      <subfield code="a">Belviso, Jacobus de,</subfield>
      <subfield code="d">1270-1335.</subfield>
      <subfield code="t">Casus breves libri collationum.</subfield>
    </datafield>
    <datafield tag="630" ind1="0" ind2="0">
      <subfield code="a">Corpus juris civilis</subfield>
      <subfield code="x">Interpretation and construction.</subfield>
    </datafield>
    <datafield tag="650" ind1=" " ind2="0">
      <subfield code="a">Roman law</subfield>
      <subfield code="x">Interpretation and construction.</subfield>
    </datafield>
    <datafield tag="630" ind1="0" ind2="7">
      <subfield code="a">Corpus juris civilis</subfield>
      <subfield code="2">fast</subfield>
    </datafield>
    <datafield tag="650" ind1=" " ind2="7">
      <subfield code="a">Roman law</subfield>
      <subfield code="x">Interpretation and construction</subfield>
      <subfield code="2">fast</subfield>
    </datafield>
    <datafield tag="650" ind1=" " ind2="7">
      <subfield code="a">Roman law</subfield>
      <subfield code="2">fast</subfield>
    </datafield>
    <datafield tag="655" ind1=" " ind2="2">
      <subfield code="a">Incunabula</subfield>
    </datafield>
    <datafield tag="655" ind1=" " ind2="7">
      <subfield code="a">incunabula (books)</subfield>
      <subfield code="2">aat</subfield>
    </datafield>
    <datafield tag="655" ind1=" " ind2="7">
      <subfield code="a">Inkunabel.</subfield>
      <subfield code="0">(DE-588)4027041-5.</subfield>
      <subfield code="2">gnd</subfield>
    </datafield>
    <datafield tag="655" ind1=" " ind2="7">
      <subfield code="a">Incunables.</subfield>
      <subfield code="2">rvmgf</subfield>
    </datafield>
    <datafield tag="700" ind1="1" ind2=" ">
      <subfield code="a">Wenssler, Michael,</subfield>
      <subfield code="d">active 1472-1497,</subfield>
      <subfield code="e">printer.</subfield>
      <subfield code="4">prt</subfield>
      <subfield code="1">https://id.oclc.org/worldcat/entity/E39PBJfx8ptj386Rfj8FkkmKh3</subfield>
    </datafield>
    <datafield tag="700" ind1="1" ind2=" ">
      <subfield code="a">Kunne, Albrecht,</subfield>
      <subfield code="d">active 1475-1519,</subfield>
      <subfield code="e">printer,</subfield>
      <subfield code="e">attributed name.</subfield>
      <subfield code="4">prt</subfield>
      <subfield code="4">att</subfield>
      <subfield code="1">https://id.oclc.org/worldcat/entity/E39PBJkhHcPbJ6YkyGd3BwHDMP</subfield>
    </datafield>
    <datafield tag="752" ind1=" " ind2=" ">
      <subfield code="a">Switzerland</subfield>
      <subfield code="d">Basel,</subfield>
      <subfield code="e">publication place.</subfield>
      <subfield code="4">pup</subfield>
    </datafield>
    <datafield tag="752" ind1=" " ind2=" ">
      <subfield code="a">Germany</subfield>
      <subfield code="d">Memmingen,</subfield>
      <subfield code="e">publication place,</subfield>
      <subfield code="e">attributed name.</subfield>
      <subfield code="4">pup</subfield>
      <subfield code="4">att</subfield>
    </datafield>
    <datafield tag="758" ind1=" " ind2=" ">
      <subfield code="a">Casus breves super totum corpus iuris civilis (Text)</subfield>
      <subfield code="1">https://id.oclc.org/worldcat/entity/E39PCGFqJBFmgwYWyFc6jX9CHy</subfield>
      <subfield code="4">https://id.oclc.org/worldcat/ontology/hasWork</subfield>
    </datafield>
    <datafield tag="856" ind1="4" ind2="1">
      <subfield code="u">http://www.mdz-nbn-resolving.de/urn:nbn:de:bvb:12-bsb11302889-4</subfield>
      <subfield code="x">Resolving-System</subfield>
      <subfield code="z">kostenfrei</subfield>
      <subfield code="3">Volltext // Exemplar mit der Signatur: München, Bayerische Staatsbibliothek -- 2 Inc.s.a. 1173</subfield>
    </datafield>
    <datafield tag="856" ind1="4" ind2="1">
      <subfield code="u">http://mdz-nbn-resolving.de/urn:nbn:de:bvb:12-bsb11302889-4</subfield>
      <subfield code="x">Resolving-System</subfield>
      <subfield code="z">kostenfrei</subfield>
      <subfield code="3">Volltext // Exemplar mit der Signatur: München, Bayerische Staatsbibliothek -- 2 Inc.s.a. 1173</subfield>
    </datafield>
    <datafield tag="856" ind1="4" ind2=" ">
      <subfield code="u">http://www.mdz-nbn-resolving.de/urn/resolver.pl?urn=urn:nbn:de:bvb:12-bsb11302889-4</subfield>
      <subfield code="x">Resolving-System</subfield>
      <subfield code="z">kostenfrei</subfield>
      <subfield code="3">Volltext // 2014 digitalisiert von: Bayerische Staatsbibliothek, München. Exemplar mit der Signatur: München, Bayerische Staatsbibliothek -- 2 Inc.s.a. 1173</subfield>
    </datafield>
    <datafield tag="936" ind1=" " ind2=" ">
      <subfield code="a">BATCHLOAD</subfield>
    </datafield>
  </record>